|
|
|
|
| LEADER |
00000nam a2200000 4500 |
| 001 |
vtls012154668 |
| 003 |
SK-MaSNL |
| 005 |
20260301105423.0 |
| 008 |
221123s1621 gw f 000 0 lat |
| 015 |
|
|
|a SNBHFA
|
| 040 |
|
|
|a SNKHF
|b slo
|c SNKHF
|e rda
|
| 041 |
0 |
|
|a lat
|
| 044 |
|
|
|a gw
|c DE
|
| 072 |
|
7 |
|a 2
|x Náboženstvo
|2 konspekt
|
| 080 |
|
|
|a 2-285.4
|2 2011
|
| 080 |
|
|
|a (043.3)
|2 2011
|
| 100 |
1 |
|
|a Martini, Jakob,
|d 1570-1649
|4 aut
|9 100970
|
| 245 |
1 |
0 |
|a Disputatio Secunda Apologētikai opposita Disputationi De Persona Adami GoslavI â Bebelno, Nobilis Poloni, Photiniani, Et ad examinandum in Academia VVittebergensi publicè proposita
|c Praeside Jacobo Martini Professore Publico, Respondente M. Henrico Strickmanno Lubecensi Saxone. Ad diem 30. Augusti, horis à septimâ matutinis, in Auditorio Majore
|
| 264 |
|
3 |
|a Wittebergae
|b Exscripta typis Christiani Tham
|c Anno MDCXXI (1621)
|
| 300 |
|
|
|a 28 nečíslovaných listov
|c 19 cm
|
| 336 |
|
|
|a text
|b txt
|2 rdacontent
|
| 337 |
|
|
|a bez média
|b n
|2 rdamedia
|
| 338 |
|
|
|a zväzok
|b nc
|2 rdacarrier
|
| 500 |
|
|
|a Linka, iniciálka s ornamentálnym pozadím v rámčeku na 6 riadkov, kustody
|
| 501 |
|
|
|a Príväzok 3. k: FIDELIS Admonitio De Religione Papistica Fugienda, ... Wittebergae : Impensis Casparis Heyden Bibliopol. Typis Johannis Gormani, Anno MDCXXIV (1624).
|5 SNK SD 46327/1-20
|
| 504 |
|
|
|a Tlačené marginálie
|
| 546 |
|
|
|a Latinský text
|b Antikva
|b Kurzíva
|
| 650 |
0 |
7 |
|a náboženské polemiky
|2 SNKPH
|9 88056
|
| 655 |
|
7 |
|a dizertácie
|2 SNKPH
|9 70277
|
| 700 |
1 |
|
|a Goslavius, Adamus,
|d 1577-1642
|4 aut
|9 370928
|
| 700 |
1 |
|
|a Strickmann, Henrich M.
|4 aut
|9 445689
|
| 700 |
1 |
|
|a Tham, Christian
|4 prt
|9 370930
|
| 752 |
|
|
|a Nemecko
|d Wittenberg
|
| 852 |
|
|
|a snk
|p SD 46327/1-20/prív.3
|
| 958 |
|
|
|a ONDV
|
| 958 |
|
|
|a DC
|
| 999 |
|
|
|c 700809
|d 702739
|
| 952 |
|
|
|a SNK
|b SNK
|y PREZ
|7 0
|p 17A1485670
|o snkSD 46327/1-20/prív.3
|i snkF 240/77
|8 5
|0 0
|1 0
|4 0
|d 2022-11-23
|f 1
|l 0
|r 2026-02-23 20:56:33
|w 2026-02-23
|